Prešovský večerník nezávislé noviny vydavateľstva Privatpress v Prešove

Podrobná bibliografia
Predchádzajúci názov:Večerník
Médium: Noviny
Jazyk:slovenčina
Fyzický popis:zv. 31-44 cm
Vydavateľské údaje: Prešov Privatpress, s.r.o. 1990-2020
ISSN:1336-4030
Predmet:
On-line prístup:www.povecernik.sk

MARC

LEADER 00000cas a2200000 a 4500
001 vtls008409813
003 SK-MaSNL
005 20260228160925.0
008 141205d19902020xo dr ne 0 b0slo
022 |a 1336-4030 
040 |a SVKPO  |b slo  |c SVKPO  |d SNK  |e AACR2 
041 0 |a slo 
043 |a e-xo-- 
044 |a xo  |c SK 
072 7 |a 316  |x Sociológia  |2 konspekt 
072 7 |a 394  |x Verejný a spoločenský život. Každodenný život  |2 konspekt 
072 7 |a 316.7  |x Sociológia kultúry. Kultúrny život  |2 konspekt 
080 |a 316.728  |2 2011 
080 |a 394  |2 2011 
080 |a 050  |2 2011 
080 |a (051)+(054)(437.6)  |2 2011 
080 |a (437.671)  |2 2011 
210 0 |a Prešovský več. 
222 0 |a Prešovský večerník 
245 0 0 |a Prešovský večerník  |b nezávislé noviny vydavateľstva Privatpress v Prešove 
260 |a Prešov  |b Privatpress, s.r.o.  |c 1990-2020 
300 |a zv.  |c 31-44 cm 
310 |a Denne (okrem soboty a nedele) 
362 0 |a Roč. 1, č. 13 (1990)-roč. 31, č. 7319 (2020) 
500 |a Od januára 1999 označenie jednotlivých čísel podľa sekvenčného číslovania - č. 2148 ... 
500 |a Redaktori sa menia 
500 |a Popis podľa: Roč. XVII, č. 3865 (3. 1. 2006) 
500 |a Reg. č.: MK SR 41/1990 ; 247/08 
500 |a V tir. uvedený podnázov: slobobné, nezávislé noviny vydavateľstva Privatpress ; od č. 1/1997-2009: prvé nezávislé noviny v SR ; ?-2020, prvé súkromné noviny na Slovensku 
500 |a Od č. 126/1995 zmena formátu na 31 cm 
500 |a Zmena podnázvu: od č. 4844/2010: prvý súkromný denník na Slovensku, nezávislé noviny vzdavateľstva Privatpress v Prešove ; od č. 5579/2013: prvý nezávislý súkromný denník na Slovensku 
515 |a V č. 6097/2015 chýbajú vytlačené strany 6,7,10,11 ; č. 6197/2015 nebolo vydané, 2x vydané č. 6196/2015 ; č. 6260/2015 označené ako č. 6255/2015 ; č. 6370/2016 označené ako č. 6365/2016 ; v č. 7029/2019 chybne uvedený roč. 29 ; č. 7273/2020 chybne uvedený roč. 30 
525 |a Obsahuje pravidelnú prílohu Divadelné noviny 
650 0 7 |a spoločenský život  |2 SNKPH  |9 28654 
650 0 7 |a každodenný život  |2 SNKPH  |9 4946 
651 7 |a Prešov (Slovensko)  |2 SNKPHgeo  |9 17347 
655 7 |a regionálne noviny  |2 SNKPH  |9 265294 
780 1 0 |t Večerník  |w vtls001353268 
856 4 1 |u www.povecernik.sk 
910 |a snk 
916 |a 1990-2014, 2015-2016, 2017-2019, č. 7272-7289/2020, č. 7290-7319/2020 
999 |c 3924  |d 5854 
952 |0 0  |1 0  |4 0  |7 0  |a SNK  |b SNK  |d 2009-03-18  |i snkČSP 2602/2001  |l 0  |o snkČSA 1176/12/2001/2 D1  |p 17A0614701  |r 2026-02-21 19:31:01  |t č. 2701-2761  |w 2026-02-21  |y PREZ 
952 |0 0  |1 0  |4 0  |7 0  |a SNK  |b SNK  |d 2010-01-21  |i snkČSP 1402/2003  |l 0  |o snkČSA 1176/13/2002/4 D1  |p 17A0642472  |r 2026-02-21 19:31:24  |t č. 3071-3129  |w 2026-02-21  |y PREZ 
952 |0 0  |1 0  |4 0  |7 0  |a SNK  |b SNK  |d 2009-04-27  |i snkČSP 1865/99  |l 0  |o snkČSA 1176/10/1999/2 D1  |p 17A0614342  |r 2026-02-21 19:42:12  |t č. 2209-2268  |w 2026-02-21  |y PREZ 
952 |0 0  |1 0  |4 0  |7 0  |a SNK  |b SNK  |d 2014-11-14  |f 1  |i snkČSP 1789/2001  |l 0  |o snkČSA 1176/11/2000/4  |p 17A0820999  |r 2026-02-21 19:45:08  |t č. 2579-2637  |w 2026-02-21  |y PREZ 
952 |0 0  |1 0  |4 0  |7 0  |8 0  |a SNK  |b SNK  |d 2010-10-18  |f 1  |i snk2010/22626  |l 0  |o snkČSA 1176/19/2008/1  |p 17A0661533  |r 2026-02-21 19:55:33  |t č. 4354-4395  |w 2026-02-21  |y PREZ 
952 |0 0  |1 0  |4 0  |7 0  |8 0  |a SNK  |b SNK  |d 2010-10-18  |f 1  |i snk2010/22628  |l 0  |o snkČSA 1176/19/2008/3  |p 17A0661535  |r 2026-02-21 19:55:33  |t č. 4437-4477  |w 2026-02-21  |y PREZ 
952 |0 0  |1 0  |4 0  |7 0  |8 0  |a SNK  |b SNK  |d 2010-10-18  |f 1  |i snk2010/22629  |l 0  |o snkČSA 1176/19/2008/4  |p 17A0661536  |r 2026-02-21 19:55:33  |t č. 4478-4520  |w 2026-02-21  |y PREZ 
952 |0 0  |1 0  |4 0  |7 0  |8 0  |a SNK  |b SNK  |d 2010-10-18  |f 1  |i snk2010/22637  |l 0  |o snkČSA 1176/18/2007/2  |p 17A0661522  |r 2026-02-21 19:55:33  |t č. 4149-4189  |w 2026-02-21  |y PREZ 
952 |0 0  |1 0  |4 0  |7 0  |8 0  |a SNK  |b SNK  |d 2010-10-18  |f 1  |i snk2010/22638  |l 0  |o snkČSA 1176/18/2007/3  |p 17A0661523  |r 2026-02-21 19:55:33  |t č. 4190-4231  |w 2026-02-21  |y PREZ 
952 |0 0  |1 0  |4 0  |7 0  |8 0  |a SNK  |b SNK  |d 2010-10-18  |f 1  |i snk2010/22639  |l 0  |o snkČSA 1176/18/2007/4  |p 17A0661524  |r 2026-02-21 19:55:33  |t č. 4232-4274  |w 2026-02-21  |y PREZ 
952 |0 0  |1 0  |4 0  |7 0  |8 0  |a SNK  |b SNK  |d 2010-10-18  |f 1  |i snk2010/22640  |l 0  |o snkČSA 1176/18/2007/5  |p 17A0661525  |r 2026-02-21 19:55:33  |t č. 4275-4317  |w 2026-02-21  |y PREZ 
952 |0 0  |1 0  |4 0  |7 0  |8 0  |a SNK  |b SNK  |d 2010-10-18  |f 1  |i snk2010/22643  |l 0  |o snkČSA 1176/18/2007/6  |p 17A0661526  |r 2026-02-21 19:55:33  |t č. 4318-4353  |w 2026-02-21  |y PREZ 
952 |0 0  |1 0  |4 0  |7 0  |8 0  |a SNK  |b SNK  |d 2010-10-18  |f 1  |i snk2010/22667  |l 0  |o snkČSA 1176/17/2006/1  |p 17A0661527  |r 2026-02-21 19:55:33  |t č. 3865-3904  |w 2026-02-21  |y PREZ 
952 |0 0  |1 0  |4 0  |7 0  |8 0  |a SNK  |b SNK  |d 2010-10-18  |f 1  |i snk2010/22671  |l 0  |o snkČSA 1176/17/2006/2  |p 17A0661528  |r 2026-02-21 19:55:33  |t č. 3905-3946  |w 2026-02-21  |y PREZ 
952 |0 0  |1 0  |4 0  |7 0  |8 0  |a SNK  |b SNK  |d 2010-10-18  |f 1  |i snk2010/22678  |l 0  |o snkČSA 1176/17/2006/3  |p 17A0661529  |r 2026-02-21 19:55:34  |t č. 3947-3988  |w 2026-02-21  |y PREZ 
952 |0 0  |1 0  |4 0  |7 0  |8 0  |a SNK  |b SNK  |d 2010-10-18  |f 1  |i snk2010/22683  |l 0  |o snkČSA 1176/17/2006/4   |p 17A0820937  |r 2026-02-21 19:55:34  |t č. 3989-4030, neúplné  |w 2026-02-21  |y PREZ  |z Chýba č. 4018 
952 |0 0  |1 0  |4 0  |7 0  |8 0  |a SNK  |b SNK  |d 2010-10-18  |f 1  |i snk2010/22690  |l 0  |o snkČSA 1176/17/2006/5  |p 17A0661531  |r 2026-02-21 19:55:34  |t č. 4031-4071  |w 2026-02-21  |y PREZ 
952 |0 0  |1 0  |4 0  |7 0  |8 0  |a SNK  |b SNK  |d 2017-07-10  |f 1  |i snk2017/15986  |l 0  |o snkČSA 1176/26/2015/11  |p 17A1263210  |r 2026-02-21 19:55:48  |t č. 6271-6290   |w 2026-02-21  |y PREZ 
952 |0 0  |1 0  |4 0  |7 0  |8 0  |a SNK  |b SNK  |d 2017-07-10  |f 1  |i snk2017/15988  |l 0  |o snkČSA 1176/26/2015/12  |p 17A1263209  |r 2026-02-21 19:55:49  |t č. 6291-6305 + príl.  |w 2026-02-21  |y PREZ  |z Príl.: č. 6302 - Divadelné noviny, roč. XIV, č. 4 
952 |0 0  |1 0  |4 0  |7 0  |8 0  |a SNK  |b SNK  |d 2017-07-10  |f 1  |i snk2017/15994  |l 0  |o snkČSA 1176/27/2016/1  |p 17A1263208  |r 2026-02-21 19:56:01  |t č. 6306-6321  |w 2026-02-21  |y PREZ 
952 |0 0  |1 0  |4 0  |7 0  |8 0  |a SNK  |b SNK  |d 2021-10-27  |f 1  |i snk2021/16592  |l 0  |o snkČSA 1176/31/2020/2  |p 17A1461222  |r 2026-02-21 20:00:35  |t č. 7290-7319, neúplné  |w 2026-02-21  |y PREZ  |z Chýba č. 7311 
952 |0 0  |1 0  |4 0  |7 0  |8 0  |a SNK  |b SNK  |d 2010-10-18  |f 1  |i snk2010/22691  |l 0  |o snkČSA 1176/17/2006/6  |p 17A0661532  |r 2026-02-21 20:08:54  |t č. 4072-4106  |w 2026-02-21  |y PREZ 
952 |0 0  |1 0  |4 0  |7 0  |a SNK  |b SNK  |d 2007-04-24  |i snkČSP 405/2000  |l 0  |o snkČSA 1176/10/1999/4 D1  |p 17A0546796  |r 2026-02-21 20:14:49  |t č. 2335-2392  |w 2026-02-21  |y PREZ 
952 |0 0  |1 0  |4 0  |7 0  |8 0  |a SNK  |b SNK  |d 2007-02-06  |f 1  |i snk2007/3480  |l 0  |o snkČSA 1176/15/2004/2  |p 17A0524830  |r 2026-02-21 20:15:56  |t č. 3432-3490  |w 2026-02-21  |y PREZ 
952 |0 0  |1 0  |4 0  |7 0  |8 0  |a SNK  |b SNK  |d 2007-02-06  |f 1  |i snk2007/3504  |l 0  |o snkČSA 1176/15/2004/1  |p 17A0524834  |r 2026-02-21 20:19:44  |t č. 3374-3431  |w 2026-02-21  |y PREZ 
952 |0 0  |1 0  |4 0  |7 0  |8 0  |a SNK  |b SNK  |d 2007-02-06  |i snk2007/3505  |l 0  |o snkČSA 1176/15/2004/1 D1  |p 17A0524835  |r 2026-02-21 20:19:44  |t č. 3374-3431  |w 2026-02-21  |y PREZ 
952 |0 0  |1 0  |4 0  |7 0  |8 0  |a SNK  |b SNK  |d 2007-02-06  |f 1  |i snk2007/3506  |l 0  |o snkČSA 1176/15/2004/4  |p 17A0524836  |r 2026-02-21 20:19:44  |t č. 3559-3618  |w 2026-02-21  |y PREZ 
952 |0 0  |1 0  |4 0  |7 0  |8 0  |a SNK  |b SNK  |d 2007-02-06  |i snk2007/3507  |l 0  |o snkČSA 1176/15/2004/4 D1  |p 17A0524837  |r 2026-02-21 20:19:44  |t č. 3559-3618  |w 2026-02-21  |y PREZ 
952 |0 0  |1 0  |3 rekatalogizácia  |4 0  |7 0  |a SNK  |b SNK  |d 2007-02-16  |f 1  |i snkČSP 3164/92  |l 0  |o snkČSA 1176/3/1992/1  |p 17A0540246  |r 2026-02-21 20:19:54  |t č. 1-126  |w 2026-02-21  |y PREZ 
952 |0 0  |1 0  |3 rekatalogizácia  |4 0  |7 0  |a SNK  |b SNK  |d 2007-02-16  |f 1  |i snkČSP 428/96  |l 0  |o snkČSA 1176/6/1995/2  |p 17A0540247  |r 2026-02-21 20:19:54  |t č. 126-235  |w 2026-02-21  |y PREZ 
952 |0 0  |1 0  |4 0  |7 0  |8 0  |a SNK  |b SNK  |d 2007-02-06  |i snk2007/3482  |l 0  |o snkČSA 1176/15/2004/2 D1  |p 17A0524831  |r 2026-02-21 20:19:58  |t č. 3432-3490  |w 2026-02-21  |y PREZ 
952 |0 0  |1 0  |4 0  |7 0  |8 0  |a SNK  |b SNK  |d 2014-12-04  |f 1  |i snk2014/26886  |l 0  |o snkČSA 1176/20/2009/4  |p 17A1095888  |r 2026-02-21 20:20:37  |t č. 4721-4764  |w 2026-02-21  |y PREZ 
952 |0 0  |1 0  |4 0  |7 0  |8 0  |a SNK  |b SNK  |d 2014-12-04  |f 1  |i snk2014/26883  |l 0  |o snkČSA 1176/20/2009/3  |p 17A1095887  |r 2026-02-21 20:20:42  |t č. 4680-4720  |w 2026-02-21  |y PREZ 
952 |0 0  |1 0  |4 0  |7 0  |a SNK  |b SNK  |d 2008-12-03  |i snkČSP 2528/2003  |l 0  |o snkČSA 1176/14/2003/1 D1  |p 17A0452610  |r 2026-02-21 20:22:01  |t č. 3130-3192  |w 2026-02-21  |y PREZ 
952 |0 0  |1 0  |4 0  |7 0  |a SNK  |b SNK  |d 2012-09-05  |i snkČSP 1525/2001  |l 0  |o snkČSA 1176/11/2000/1 D1  |p 17A0888171  |r 2026-02-21 20:30:26  |t č. 2394-2456  |w 2026-02-21  |y PREZ 
952 |0 0  |1 0  |4 0  |7 0  |a SNK  |b SNK  |d 2014-11-13  |f 1  |i snkČSP 83/99  |l 0  |o snkČSA 1176/9/1998/3   |p 17A0820995  |r 2026-02-21 20:32:52  |t č. 166-245  |w 2026-02-21  |y PREZ 
952 |0 0  |1 0  |4 0  |7 0  |a SNK  |b SNK  |d 2014-11-13  |f 1  |i snkČSP 1862/99  |l 0  |o snkČSA 1176/10/1999/1  |p 17A0231670  |r 2026-02-21 20:32:52  |t č. 2148-2208  |w 2026-02-21  |y PREZ 
952 |0 0  |1 0  |4 0  |7 0  |a SNK  |b SNK  |d 2014-11-13  |f 1  |i snkČSP 1864/99  |l 0  |o snkČSA 1176/10/1999/2  |p 17A0820996  |r 2026-02-21 20:32:52  |t č. 2209-2268  |w 2026-02-21  |y PREZ 
952 |0 0  |1 0  |4 0  |7 0  |a SNK  |b SNK  |d 2014-11-13  |f 1  |i snkČSP 1524/2001  |l 0  |o snkČSA 1176/11/2000/1  |p 17A0820997  |r 2026-02-21 20:32:52  |t č. 2394-2456  |w 2026-02-21  |y PREZ 
952 |0 0  |1 0  |4 0  |7 0  |a SNK  |b SNK  |d 2014-11-13  |f 1  |i snkČSP 2186/2000  |l 0  |o snkČSA 1176/11/2000/2  |p 17A0820994  |r 2026-02-21 20:32:52  |t č. 2457-2517  |w 2026-02-21  |y PREZ 
952 |0 0  |1 0  |4 0  |7 0  |a SNK  |b SNK  |d 2014-11-13  |f 1  |i snkČSP 1787/2001  |l 0  |o snkČSA 1176/11/2000/3  |p 17A0820998  |r 2026-02-21 20:32:53  |t č. 2518-2578  |w 2026-02-21  |y PREZ 
952 |0 0  |1 0  |4 0  |7 0  |a SNK  |b SNK  |d 2014-11-12  |f 1  |i snkČSP 591/91  |l 0  |o snkČSA 1176/1/1990/2  |p 17A0821191  |r 2026-02-21 20:32:57  |t č. 85-148  |w 2026-02-21  |y PREZ 
952 |0 0  |1 0  |4 0  |7 0  |a SNK  |b SNK  |d 2014-11-12  |f 1  |i snkČSP 2733/91  |l 0  |o snkČSA 1176/1/1990/3  |p 17A0821192  |r 2026-02-21 20:32:57  |t č. 149-206  |w 2026-02-21  |y PREZ 
952 |0 0  |1 0  |4 0  |7 0  |a SNK  |b SNK  |d 2014-11-12  |f 1  |i snkČSP 2735/91  |l 0  |o snkČSA 1176/2/1991/1  |p 17A0820985  |r 2026-02-21 20:32:57  |t č. 1-62  |w 2026-02-21  |y PREZ 
952 |0 0  |1 0  |4 0  |7 0  |a SNK  |b SNK  |d 2014-11-12  |f 1  |i snkČSP 3306/91  |l 0  |o snkČSA 1176/2/1991/2  |p 17A0820986  |r 2026-02-21 20:32:57  |t č. 62-123  |w 2026-02-21  |y PREZ 
952 |0 0  |1 0  |4 0  |7 0  |a SNK  |b SNK  |d 2014-11-12  |f 1  |i snkČSP 2113/94  |l 0  |o snkČSA 1176/4/1993/2  |p 17A0820987  |r 2026-02-21 20:32:57  |t č. 127-230  |w 2026-02-21  |y PREZ 
952 |0 0  |1 0  |4 0  |7 0  |a SNK  |b SNK  |d 2014-11-12  |f 1  |i snkČSP 4042/94  |l 0  |o snkČSA 1176/5/1994/1  |p 17A0820988  |r 2026-02-21 20:32:57  |t č. 1-125  |w 2026-02-21  |y PREZ 
952 |0 0  |1 0  |4 0  |7 0  |a SNK  |b SNK  |d 2014-11-12  |f 1  |i snkČSP 1449/95  |l 0  |o snkČSA 1176/5/1994/2  |p 17A0820989  |r 2026-02-21 20:32:57  |t č. 126-246  |w 2026-02-21  |y PREZ 
952 |0 0  |1 0  |4 0  |7 0  |a SNK  |b SNK  |d 2014-11-12  |f 1  |i snkČSP 21/96  |l 0  |o snkČSA 1176/6/1995/1  |p 17A0820990  |r 2026-02-21 20:32:57  |t č. 1-125  |w 2026-02-21  |y PREZ 
952 |0 0  |1 0  |4 0  |7 0  |a SNK  |b SNK  |d 2014-11-12  |f 1  |i snkČSP 1154/1996  |l 0  |o snkČSA 1176/7/1996/1  |p 17A0820991  |r 2026-02-21 20:32:57  |t č. 1-63  |w 2026-02-21  |y PREZ 
952 |0 0  |1 0  |4 0  |7 0  |a SNK  |b SNK  |d 2014-11-12  |f 1  |i snkČSP 1182/1996  |l 0  |o snkČSA 1176/7/1996/2  |p 17A0820992  |r 2026-02-21 20:32:57  |t č. 64-125  |w 2026-02-21  |y PREZ 
952 |0 0  |1 0  |4 0  |7 0  |a SNK  |b SNK  |d 2014-11-12  |f 1  |i snkČSP 911/97  |l 0  |o snkČSA 1176/7/1996/3  |p 17A0820993  |r 2026-02-21 20:32:57  |t č. 126-189  |w 2026-02-21  |y PREZ 
952 |0 0  |1 0  |4 0  |7 0  |8 0  |a SNK  |b SNK  |d 2014-12-04  |f 1  |i snk2014/26879  |l 0  |o snkČSA 1176/20/2009/1  |p 17A1095885  |r 2026-02-21 20:32:58  |t č. 4600-4637  |w 2026-02-21  |y PREZ 
952 |0 0  |1 0  |4 0  |7 0  |8 0  |a SNK  |b SNK  |d 2014-12-04  |f 1  |i snk2014/26881  |l 0  |o snkČSA 1176/20/2009/2  |p 17A1095886  |r 2026-02-21 20:32:58  |t č. 4638-4679  |w 2026-02-21  |y PREZ 
952 |0 0  |1 0  |4 0  |7 0  |8 0  |a SNK  |b SNK  |d 2014-12-04  |f 1  |i snk2014/26888  |l 0  |o snkČSA 1176/20/2009/5  |p 17A1095890  |r 2026-02-21 20:32:58  |t č. 4765-4806  |w 2026-02-21  |y PREZ 
952 |0 0  |1 0  |4 0  |7 0  |8 0  |a SNK  |b SNK  |d 2014-12-04  |f 1  |i snk2014/26889  |l 0  |o snkČSA 1176/20/2009/6  |p 17A1095891  |r 2026-02-21 20:32:58  |t č. 4807-4843  |w 2026-02-21  |y PREZ 
952 |0 0  |1 0  |4 0  |7 0  |8 0  |a SNK  |b SNK  |d 2014-12-04  |f 1  |i snk2014/26910  |l 0  |o snkČSA 1176/21/2010/1  |p 17A1095892  |r 2026-02-21 20:32:58  |t č. 4844-4880  |w 2026-02-21  |y PREZ 
952 |0 0  |1 0  |4 0  |7 0  |8 0  |a SNK  |b SNK  |d 2014-12-04  |f 1  |i snk2014/26959  |l 0  |o snkČSA 1176/21/2010/6  |p 17A1095896  |r 2026-02-21 20:32:58  |t č. 5051-5087  |w 2026-02-21  |y PREZ 
952 |0 0  |1 0  |4 0  |7 0  |8 0  |a SNK  |b SNK  |d 2014-12-04  |f 1  |i snk2014/26964  |l 0  |o snkČSA 1176/22/2011/1  |p 17A1095897  |r 2026-02-21 20:32:58  |t č. 5088-5126  |w 2026-02-21  |y PREZ 
952 |0 0  |1 0  |4 0  |7 0  |8 0  |a SNK  |b SNK  |d 2014-12-04  |f 1  |i snk2014/26965  |l 0  |o snkČSA 1176/22/2011/2  |p 17A1095898  |r 2026-02-21 20:32:59  |t č. 5127-5168  |w 2026-02-21  |y PREZ 
952 |0 0  |1 0  |4 0  |7 0  |8 0  |a SNK  |b SNK  |d 2014-12-04  |f 1  |i snk2014/26969  |l 0  |o snkČSA 1176/22/2011/3  |p 17A1095899  |r 2026-02-21 20:32:59  |t č. 5169-5212  |w 2026-02-21  |y PREZ 
952 |0 0  |1 0  |4 0  |7 0  |a SNK  |b SNK  |d 2014-11-14  |f 1  |i snkČSP 1542/2002  |l 0  |o snkČSA 1176/12/2001/4  |p 17A0830015  |r 2026-02-21 20:33:05  |t č. 2825-2883  |w 2026-02-21  |y PREZ 
952 |0 0  |1 0  |4 0  |7 0  |a SNK  |b SNK  |d 2014-11-14  |f 1  |i snkČSP 1397/2003  |l 0  |o snkČSA 1176/13/2002/1  |p 17A0819107  |r 2026-02-21 20:33:05  |t č. 2884-2944  |w 2026-02-21  |y PREZ 
952 |0 0  |1 0  |4 0  |7 0  |a SNK  |b SNK  |d 2014-11-14  |f 1  |i snkČSP 1513/2004  |l 0  |o snkČSA 1176/13/2002/2  |p 17A0819108  |r 2026-02-21 20:33:05  |t č. 2945-3006  |w 2026-02-21  |y PREZ 
952 |0 0  |1 0  |4 0  |7 0  |a SNK  |b SNK  |d 2014-11-14  |f 1  |i snkČSP 1399/2003  |l 0  |o snkČSA 1176/13/2002/3  |p 17A0819109  |r 2026-02-21 20:33:05  |t č. 3007-3070  |w 2026-02-21  |y PREZ 
952 |0 0  |1 0  |4 0  |7 0  |a SNK  |b SNK  |d 2014-11-14  |f 1  |i snkČSP 1401/2003  |l 0  |o snkČSA 1176/13/2002/4  |p 17A0820931  |r 2026-02-21 20:33:05  |t č. 3071-3129  |w 2026-02-21  |y PREZ 
952 |0 0  |1 0  |4 0  |7 0  |a SNK  |b SNK  |d 2014-11-18  |f 1  |i snkČSP 1822/2004  |l 0  |o snkČSA 1176/14/2003/3  |p 17A0820933  |r 2026-02-21 20:33:10  |t č. 3252-3294  |w 2026-02-21  |y PREZ 
952 |0 0  |1 0  |4 0  |7 0  |a SNK  |b SNK  |d 2014-11-18  |f 1  |i snkČSP 1824/2004  |l 0  |o snkČSA 1176/14/2003/4  |p 17A0820934  |r 2026-02-21 20:33:10  |t č. 3295-3337  |w 2026-02-21  |y PREZ 
952 |0 0  |1 0  |4 0  |7 0  |a SNK  |b SNK  |d 2014-11-18  |f 1  |i snkČSP 1826/2004  |l 0  |o snkČSA 1176/14/2003/5  |p 17A0820935  |r 2026-02-21 20:33:10  |t č. 3338-3373  |w 2026-02-21  |y PREZ 
952 |0 0  |1 0  |3 rekatalogizácia  |4 0  |7 0  |a SNK  |b SNK  |d 2007-03-21  |f 1  |i snkČSP 1851/93  |l 0  |o snkČSA 1176/3/1992/2  |p 17A0542593  |r 2026-02-21 20:38:33  |t č. 127-251  |w 2026-02-21  |y PREZ 
952 |0 0  |1 0  |4 0  |7 0  |a SNK  |b SNK  |d 2007-04-24  |f 1  |i snkČSP 913/67  |l 0  |o snkČSA 1176/7/1996/4  |p 17A0546340  |r 2026-02-21 20:38:40  |t č. 190-246  |w 2026-02-21  |y PREZ 
952 |0 0  |1 0  |4 0  |7 0  |a SNK  |b SNK  |d 2007-04-24  |i snkČSP 415/98  |l 0  |o snkČSA 1176/8/1997/3 D1  |p 17A0542972  |r 2026-02-21 20:38:40  |t č. 122-184, úplný  |w 2026-02-21  |y PREZ 
952 |0 0  |1 0  |4 0  |7 0  |a SNK  |b SNK  |d 2007-04-24  |i snkČSP 1863/99  |l 0  |o snkČSA 1176/10/1999/1 D1  |p 17A0542971  |r 2026-02-21 20:38:40  |t č. 2148-2208  |w 2026-02-21  |y PREZ 
952 |0 0  |1 0  |4 0  |7 0  |a SNK  |b SNK  |d 2007-04-24  |i snkČSP 1450/95  |l 0  |o snkČSA 1176/5/1994/2 D1  |p 17A0546802  |r 2026-02-21 20:38:40  |t č. 126-246  |w 2026-02-21  |y PREZ 
952 |0 0  |1 0  |3 rekatalogizácia  |4 0  |7 0  |a SNK  |b SNK  |d 2007-04-24  |i snkČSP 3165/92  |l 0  |o snkČSA 1176/3/1992/1 D1  |p 17A0546801  |r 2026-02-21 20:38:40  |t č. 1-126  |w 2026-02-21  |y VYP 
952 |0 0  |1 0  |4 0  |7 0  |a SNK  |b SNK  |d 2007-04-24  |i snkČSP 1852/93  |l 0  |o snkČSA 1176/3/1992/2 D1  |p 17A0546800  |r 2026-02-21 20:38:40  |t č. 127-251  |w 2026-02-21  |y PREZ 
952 |0 0  |1 0  |4 0  |7 0  |8 0  |a SNK  |b SNK  |d 2008-02-11  |f 1  |i snk2008/3322  |l 0  |o snkČSA 1176/16/2005/3  |p 17A0563355  |r 2026-02-21 20:39:02  |t č. 3751-3809  |w 2026-02-21  |y PREZ 
952 |0 0  |1 0  |4 0  |7 0  |8 0  |a SNK  |b SNK  |d 2008-02-11  |f 1  |i snk2008/3323  |l 0  |o snkČSA 1176/16/2005/4  |p 17A0563356  |r 2026-02-21 20:39:02  |t č. 3810-3864  |w 2026-02-21  |y PREZ 
952 |0 0  |1 0  |4 0  |7 0  |8 0  |a SNK  |b SNK  |d 2014-12-04  |f 1  |i snk2014/26972  |l 0  |o snkČSA 1176/22/2011/4  |p 17A1095900  |r 2026-02-21 20:42:17  |t č. 5213-5254  |w 2026-02-21  |y PREZ 
952 |0 0  |1 0  |4 0  |7 0  |8 0  |a SNK  |b SNK  |d 2014-12-04  |f 1  |i snk2014/26977  |l 0  |o snkČSA 1176/22/2011/5  |p 17A1095901  |r 2026-02-21 20:42:17  |t č. 5255-5295, neúplné  |w 2026-02-21  |y PREZ  |z chýba č. 5258, 5280 
952 |0 0  |1 0  |4 0  |7 0  |8 0  |a SNK  |b SNK  |d 2014-12-04  |f 1  |i snk2014/26985  |l 0  |o snkČSA 1176/22/2011/6  |p 17A1095902  |r 2026-02-21 20:42:17  |t č. 5296-5332  |w 2026-02-21  |y PREZ 
952 |0 0  |1 0  |4 0  |7 0  |8 0  |a SNK  |b SNK  |d 2014-12-04  |f 1  |i snk2014/26986  |l 0  |o snkČSA 1176/23/2012/1  |p 17A1095903  |r 2026-02-21 20:42:17  |t č. 5333-5373  |w 2026-02-21  |y PREZ 
952 |0 0  |1 0  |4 0  |7 0  |8 0  |a SNK  |b SNK  |d 2014-12-04  |f 1  |i snk2014/26990  |l 0  |o snkČSA 1176/23/2012/2  |p 17A1095904  |r 2026-02-21 20:42:17  |t č. 5374-5414  |w 2026-02-21  |y PREZ 
952 |0 0  |1 0  |4 0  |7 0  |8 0  |a SNK  |b SNK  |d 2014-12-04  |f 1  |i snk2014/26991  |l 0  |o snkČSA 1176/23/2012/3  |p 17A1095905  |r 2026-02-21 20:42:17  |t č. 5415-5456  |w 2026-02-21  |y PREZ 
952 |0 0  |1 0  |4 0  |7 0  |8 0  |a SNK  |b SNK  |d 2014-12-04  |f 1  |i snk2014/26993  |l 0  |o snkČSA 1176/23/2012/4  |p 17A1095906  |r 2026-02-21 20:42:18  |t č. 5457-5499  |w 2026-02-21  |y PREZ 
952 |0 0  |1 0  |4 0  |7 0  |8 0  |a SNK  |b SNK  |d 2014-12-04  |f 1  |i snk2014/26994  |l 0  |o snkČSA 1176/23/2012/5  |p 17A1095907  |r 2026-02-21 20:42:18  |t č. 5500-5542  |w 2026-02-21  |y PREZ 
952 |0 0  |1 0  |4 0  |7 0  |8 0  |a SNK  |b SNK  |d 2014-12-04  |f 1  |i snk2014/27006  |l 0  |o snkČSA 1176/23/2012/6  |p 17A1095908  |r 2026-02-21 20:42:18  |t č. 5543-5578  |w 2026-02-21  |y PREZ 
952 |0 0  |1 0  |4 0  |7 0  |8 0  |a SNK  |b SNK  |d 2014-12-04  |f 1  |i snk2014/27010  |l 0  |o snkČSA 1176/24/2013/1  |p 17A1095909  |r 2026-02-21 20:42:18  |t č. 5579-5619  |w 2026-02-21  |y PREZ 
952 |0 0  |1 0  |4 0  |7 0  |8 0  |a SNK  |b SNK  |d 2014-12-04  |f 1  |i snk2014/27013  |l 0  |o snkČSA 1176/24/2013/2  |p 17A1095910  |r 2026-02-21 20:42:18  |t č. 5620-5660  |w 2026-02-21  |y PREZ 
952 |0 0  |1 0  |4 0  |7 0  |8 0  |a SNK  |b SNK  |d 2014-12-04  |f 1  |i snk2014/27015  |l 0  |o snkČSA 1176/24/2013/3  |p 17A1095911  |r 2026-02-21 20:42:18  |t č. 5661-5701  |w 2026-02-21  |y PREZ 
952 |0 0  |1 0  |4 0  |7 0  |8 0  |a SNK  |b SNK  |d 2014-12-04  |f 1  |i snk2014/27017  |l 0  |o snkČSA 1176/24/2013/4  |p 17A1095912  |r 2026-02-21 20:42:18  |t č. 5702-5744  |w 2026-02-21  |y PREZ 
952 |0 0  |1 0  |4 0  |7 0  |8 0  |a SNK  |b SNK  |d 2014-12-04  |f 1  |i snk2014/27019  |l 0  |o snkČSA 1176/24/2013/5  |p 17A1095913  |r 2026-02-21 20:42:20  |t č. 5745-5788  |w 2026-02-21  |y PREZ 
952 |0 0  |1 0  |4 0  |7 0  |8 0  |a SNK  |b SNK  |d 2014-12-04  |f 1  |i snk2014/27021  |l 0  |o snkČSA 1176/24/2013/6  |p 17A1095914  |r 2026-02-21 20:42:20  |t č. 5789-5823  |w 2026-02-21  |y PREZ 
952 |0 0  |1 0  |4 0  |7 0  |8 0  |a SNK  |b SNK  |d 2008-10-09  |f 1  |i snk2008/19078  |l 0  |o snkČSA 1176/15/2004/3  |p 17A0582174  |r 2026-02-21 20:49:49  |t č. 3491-3558, neúplné  |w 2026-02-21  |y PREZ  |z Chýba č. 3540-3543 
952 |0 0  |1 0  |4 0  |7 0  |8 0  |a SNK  |b SNK  |d 2008-10-09  |i snk2008/19081  |l 0  |o snkČSA 1176/15/2004/3 D1  |p 17A1316619  |r 2026-02-21 20:49:49  |t č. 3491-3558, neúplné  |w 2026-02-21  |y PREZ  |z Chýba č. 3501-3509, 3540-3543 
952 |0 0  |1 0  |4 0  |7 0  |a SNK  |b SNK  |d 2008-12-03  |l 0  |o snkČSA 1176/2/1991/3 D1  |p 17A0196980  |r 2026-02-21 20:59:31  |t č. 124-232  |w 2026-02-21  |y PREZ 
952 |0 0  |1 0  |4 0  |7 0  |a SNK  |b SNK  |d 2008-12-03  |f 1  |i snkČSP 1272/97  |l 0  |o snkČSA 1176/8/1997/1  |p 17A0196674  |r 2026-02-21 20:59:32  |t č. 1-58  |w 2026-02-21  |y PREZ 
952 |0 0  |1 0  |4 0  |7 0  |a SNK  |b SNK  |d 2008-12-03  |l 0  |o snkČSA 1176/8/1997/1 D1  |p 17A0196077  |r 2026-02-21 20:59:32  |t č. 1-58  |w 2026-02-21  |y PREZ 
952 |0 0  |1 0  |4 0  |7 0  |a SNK  |b SNK  |d 2008-12-03  |f 1  |i snkČSP 412/98  |l 0  |o snkČSA 1176/8/1997/2  |p 17A0196672  |r 2026-02-21 20:59:32  |t č. 59-121  |w 2026-02-21  |y PREZ 
952 |0 0  |1 0  |4 0  |7 0  |a SNK  |b SNK  |d 2008-12-03  |f 1  |i snkČSP 414/98  |l 0  |o snkČSA 1176/8/1997/3   |p 17A0196671  |r 2026-02-21 20:59:32  |t č. 122-184 + mimoriane č.  |w 2026-02-21  |y PREZ 
952 |0 0  |1 0  |4 0  |7 0  |a SNK  |b SNK  |d 2008-12-03  |f 1  |i snkČSP 416/98  |l 0  |o snkČSA 1176/8/1997/4   |p 17A0196668  |r 2026-02-21 20:59:32  |t č. 185-244  |w 2026-02-21  |y PREZ 
952 |0 0  |1 0  |4 0  |7 0  |a SNK  |b SNK  |d 2008-12-03  |f 1  |i snkČSP 1479/98  |l 0  |o snkČSA 1176/9/1998/1  |p 17A0196667  |r 2026-02-21 20:59:32  |t č. 1-80  |w 2026-02-21  |y PREZ 
952 |0 0  |1 0  |4 0  |7 0  |a SNK  |b SNK  |d 2008-12-03  |f 1  |i snkČSP 2049/98  |l 0  |o snkČSA 1176/9/1998/2   |p 17A0196670  |r 2026-02-21 20:59:32  |t č. 81-165  |w 2026-02-21  |y PREZ 
952 |0 0  |1 0  |4 0  |7 0  |a SNK  |b SNK  |d 2008-12-03  |l 0  |o snkČSA 1176/9/1998/1 D1  |p 17A0196534  |r 2026-02-21 20:59:33  |t č. 1-80  |w 2026-02-21  |y PREZ 
952 |0 0  |1 0  |4 0  |7 0  |a SNK  |b SNK  |d 2014-11-14  |f 1  |i snkČSP 2601/2001  |l 0  |o snkČSA 1176/12/2001/2  |p 17A0830014  |r 2026-02-21 21:01:01  |t č. 2701-2761  |w 2026-02-21  |y PREZ 
952 |0 0  |1 0  |4 0  |7 0  |a SNK  |b SNK  |d 2014-11-14  |f 1  |i snkČSP 2527/2003  |l 0  |o snkČSA 1176/14/2003/1  |p 17A0820932  |r 2026-02-21 21:01:04  |t č. 3130-3192  |w 2026-02-21  |y PREZ 
952 |0 0  |1 0  |4 0  |7 0  |8 0  |a SNK  |b SNK  |d 2015-02-12  |f 1  |i snk2015/5192  |l 0  |o snkČSA 1176/25/2014/1  |p 17A0871819  |r 2026-02-21 21:03:45  |t č. 5824-5861  |w 2026-02-21  |y PREZ 
952 |0 0  |1 0  |4 0  |7 0  |8 0  |a SNK  |b SNK  |d 2015-02-12  |f 1  |i snk2015/5195  |l 0  |o snkČSA 1176/25/2014/2  |p 17A0871820  |r 2026-02-21 21:03:45  |t č. 5862-5882  |w 2026-02-21  |y PREZ 
952 |0 0  |1 0  |4 0  |7 0  |8 0  |a SNK  |b SNK  |d 2015-02-12  |f 1  |i snk2015/5198  |l 0  |o snkČSA 1176/25/2014/3  |p 17A0871821  |r 2026-02-21 21:03:45  |t č. 5883-5902  |w 2026-02-21  |y PREZ 
952 |0 0  |1 0  |4 0  |7 0  |8 0  |a SNK  |b SNK  |d 2015-02-12  |f 1  |i snk2015/5200  |l 0  |o snkČSA 1176/25/2014/4  |p 17A0871822  |r 2026-02-21 21:03:45  |t č. 5903-5922  |w 2026-02-21  |y PREZ 
952 |0 0  |1 0  |4 0  |7 0  |8 0  |a SNK  |b SNK  |d 2015-02-12  |f 1  |i snk2015/5203  |l 0  |o snkČSA 1176/25/2014/5  |p 17A0871823  |r 2026-02-21 21:03:45  |t č. 5923-5943  |w 2026-02-21  |y PREZ 
952 |0 0  |1 0  |4 0  |7 0  |8 0  |a SNK  |b SNK  |d 2015-02-12  |f 1  |i snk2015/5204  |l 0  |o snkČSA 1176/25/2014/6  |p 17A0871824  |r 2026-02-21 21:03:45  |t č. 5944-5966  |w 2026-02-21  |y PREZ 
952 |0 0  |1 0  |4 0  |7 0  |8 0  |a SNK  |b SNK  |d 2015-02-12  |f 1  |i snk2015/5206  |l 0  |o snkČSA 1176/25/2014/7  |p 17A0871825  |r 2026-02-21 21:03:45  |t č. 5967-5986  |w 2026-02-21  |y PREZ 
952 |0 0  |1 0  |4 0  |7 0  |8 0  |a SNK  |b SNK  |d 2015-02-12  |f 1  |i snk2015/5213  |l 0  |o snkČSA 1176/25/2014/8  |p 17A0871826  |r 2026-02-21 21:03:46  |t č. 5987-6006  |w 2026-02-21  |y PREZ 
952 |0 0  |1 0  |4 0  |7 0  |8 0  |a SNK  |b SNK  |d 2015-02-12  |f 1  |i snk2015/5216  |l 0  |o snkČSA 1176/25/2014/9  |p 17A0871827  |r 2026-02-21 21:03:46  |t č. 6007-6029  |w 2026-02-21  |y PREZ 
952 |0 0  |1 0  |4 0  |7 0  |8 0  |a SNK  |b SNK  |d 2015-02-12  |f 1  |i snk2015/5222  |l 0  |o snkČSA 1176/25/2014/10  |p 17A0871828  |r 2026-02-21 21:03:46  |t č. 6030-6048  |w 2026-02-21  |y PREZ 
952 |0 0  |1 0  |4 0  |7 0  |8 0  |a SNK  |b SNK  |d 2015-02-12  |f 1  |i snk2015/5228  |l 0  |o snkČSA 1176/25/2014/11  |p 17A0871829  |r 2026-02-21 21:03:46  |t č. 6049-6063  |w 2026-02-21  |y PREZ 
952 |0 0  |1 0  |4 0  |7 0  |a SNK  |b SNK  |d 2014-11-14  |f 1  |i snkČSP 2599/2001  |l 0  |o snkČSA 1176/12/2001/1  |p 17A0830013  |r 2026-02-21 21:11:27  |t č. 2638-2700  |w 2026-02-21  |y PREZ 
952 |0 0  |1 0  |4 0  |7 0  |a SNK  |b SNK  |d 2007-09-07  |f 1  |i snkČSP 5470/93  |l 0  |o snkČSA 1176/4/1993/1  |p 17A0560048  |r 2026-02-21 21:11:39  |t č. 1-126  |w 2026-02-21  |y PREZ 
952 |0 0  |1 0  |4 0  |7 0  |a SNK  |b SNK  |d 2008-12-03  |f 1  |i snkČSP 1540/2002  |l 0  |o snkČSA 1176/12/2001/3  |p 17A0654213  |r 2026-02-21 21:12:50  |t č. 2762-2824  |w 2026-02-21  |y PREZ 
952 |0 0  |1 0  |4 0  |7 0  |a SNK  |b SNK  |d 2008-12-03  |i snkČSP 2050/1998  |l 0  |o snkČSA 1176/9/1998/2 D1  |p 17A0536721  |r 2026-02-21 21:12:50  |t č. 81-165  |w 2026-02-21  |y PREZ 
952 |0 0  |1 0  |4 0  |7 0  |a SNK  |b SNK  |d 2008-12-03  |i snkČSP 1514/2004  |l 0  |o snkČSA 1176/13/2002/2 D1  |p 17A0523285  |r 2026-02-21 21:12:50  |t č. 2945-3006  |w 2026-02-21  |y PREZ 
952 |0 0  |1 0  |4 0  |7 0  |8 0  |a SNK  |b SNK  |d 2010-10-18  |f 1  |i snk2010/22627  |l 0  |o snkČSA 1176/19/2008/2  |p 17A0661534  |r 2026-02-21 21:12:52  |t č. 4396-4436  |w 2026-02-21  |y PREZ 
952 |0 0  |1 0  |4 0  |7 0  |8 0  |a SNK  |b SNK  |d 2014-12-04  |f 1  |i snk2014/26924  |l 0  |o snkČSA 1176/21/2010/2  |p 17A1095889  |r 2026-02-21 21:22:15  |t č. 4881-4923  |w 2026-02-21  |y PREZ 
952 |0 0  |1 0  |4 0  |7 0  |8 0  |a SNK  |b SNK  |d 2014-12-04  |f 1  |i snk2014/26927  |l 0  |o snkČSA 1176/21/2010/3  |p 17A1095893  |r 2026-02-21 21:22:15  |t č. 4924-4966  |w 2026-02-21  |y PREZ 
952 |0 0  |1 0  |4 0  |7 0  |8 0  |a SNK  |b SNK  |d 2014-12-04  |f 1  |i snk2014/26931  |l 0  |o snkČSA 1176/21/2010/4  |p 17A1095894  |r 2026-02-21 21:22:15  |t č. 4967-5009  |w 2026-02-21  |y PREZ 
952 |0 0  |1 0  |4 0  |7 0  |8 0  |a SNK  |b SNK  |d 2014-12-04  |f 1  |i snk2014/26935  |l 0  |o snkČSA 1176/21/2010/5  |p 17A1095895  |r 2026-02-21 21:22:16  |t č. 5010-5050  |w 2026-02-21  |y PREZ 
952 |0 0  |1 0  |4 0  |7 0  |a SNK  |b SNK  |d 2008-12-03  |f 1  |i snkČSP 402/2000  |l 0  |o snkČSA 1176/10/1999/3   |p 17A0540912  |r 2026-02-21 21:23:05  |t č. 2269-2334  |w 2026-02-21  |y PREZ 
952 |0 0  |1 0  |4 0  |7 0  |a SNK  |b SNK  |d 2008-12-03  |i snkČSP 1398/2003  |l 0  |o snkČSA 1176/13/2002/1 D1  |p 17A0498483  |r 2026-02-21 21:23:05  |t č. 2884-2944  |w 2026-02-21  |y PREZ 
952 |0 0  |1 0  |4 0  |7 0  |a SNK  |b SNK  |d 2008-12-03  |i snkČSP 1400/2003  |l 0  |o snkČSA 1176/13/2002/3 D1  |p 17A0498952  |r 2026-02-21 21:23:05  |t č. 3007-3070  |w 2026-02-21  |y PREZ 
952 |0 0  |1 0  |4 0  |7 0  |a SNK  |b SNK  |d 2008-12-03  |i snkČSP 1823/2004  |l 0  |o snkČSA 1176/14/2003/3 D1  |p 17A0498598  |r 2026-02-21 21:23:05  |t č. 3252-3294  |w 2026-02-21  |y PREZ 
952 |0 0  |1 0  |4 0  |7 0  |a SNK  |b SNK  |d 2008-12-03  |f 1  |i snkČSP 1070/2004  |l 0  |o snkČSA 1176/14/2003/2  |p 17A0452023  |r 2026-02-21 21:23:05  |t č. 3193-3251  |w 2026-02-21  |y PREZ 
952 |0 0  |1 0  |4 0  |7 0  |a SNK  |b SNK  |d 2008-12-03  |f 1  |i snkČSP 404/2000  |l 0  |o snkČSA 1176/10/1999/4   |p 17A0322485  |r 2026-02-21 21:23:05  |t č. 2335-2392  |w 2026-02-21  |y PREZ 
952 |0 0  |1 0  |4 0  |7 0  |a SNK  |b SNK  |d 2008-12-03  |l 0  |o snkČSA 1176/2/1991/2 D1  |p 17A0175737  |r 2026-02-21 21:23:06  |t č. 62-123  |w 2026-02-21  |y PREZ 
952 |0 0  |1 0  |4 0  |7 0  |a SNK  |b SNK  |d 2008-12-03  |f 1  |i snkČSP 1188/92  |l 0  |o snkČSA 1176/2/1991/3  |p 17A0175493  |r 2026-02-21 21:23:06  |t č. 124-232  |w 2026-02-21  |y PREZ 
952 |0 0  |1 0  |4 0  |7 0  |8 0  |a SNK  |b SNK  |d 2008-12-30  |f 1  |i snk2008/23641  |l 0  |o snkČSA 1176/16/2005/1  |p 17A0477957  |r 2026-02-21 21:23:10  |t č. 3620-3685  |w 2026-02-21  |y PREZ 
952 |0 0  |1 0  |4 0  |7 0  |8 0  |a SNK  |b SNK  |d 2008-12-30  |f 1  |i snk2008/23642  |l 0  |o snkČSA 1176/16/2005/2  |p 17A0477959  |r 2026-02-21 21:23:10  |t č. 3686-3750  |w 2026-02-21  |y PREZ 
952 |0 0  |1 0  |4 0  |7 0  |a SNK  |b SNK  |d 2009-03-04  |i snkČSP 1071/2004  |l 0  |o snkČSA 1176/14/2003/2 D1  |p 17A1316620  |r 2026-02-21 21:41:13  |t č. 3193-3251, neúplné   |w 2026-02-21  |y PREZ  |z Chýba č. 3246 
952 |0 0  |1 0  |4 0  |7 0  |8 0  |a SNK  |b SNK  |d 2010-10-18  |f 1  |i snk2010/22630  |l 0  |o snkČSA 1176/19/2008/5  |p 17A0661537  |r 2026-02-21 21:41:23  |t č. 4521-4563  |w 2026-02-21  |y PREZ 
952 |0 0  |1 0  |4 0  |7 0  |8 0  |a SNK  |b SNK  |d 2010-10-18  |f 1  |i snk2010/22631  |l 0  |o snkČSA 1176/19/2008/6  |p 17A0661538  |r 2026-02-21 21:41:24  |t č. 4564-4599  |w 2026-02-21  |y PREZ 
952 |0 0  |1 0  |4 0  |7 0  |8 0  |a SNK  |b SNK  |d 2010-10-18  |f 1  |i snk2010/22634  |l 0  |o snkČSA 1176/18/2007/1  |p 17A0661521  |r 2026-02-21 21:41:24  |t č. 4108-4148, neúplné  |w 2026-02-21  |y PREZ  |z Chýba č. 4107. 
952 |0 0  |1 0  |4 0  |7 0  |8 0  |a SNK  |b SNK  |d 2018-03-23  |f 1  |i snk2018/7026  |l 0  |o snkČSA 1176/28/2017/9  |p 17A1268077  |r 2026-02-21 21:56:48  |t č. 6711-6729  |w 2026-02-21  |y PREZ 
952 |0 0  |1 0  |4 0  |7 0  |8 0  |a SNK  |b SNK  |d 2018-03-23  |f 1  |i snk2018/7027  |l 0  |o snkČSA 1176/28/2017/10  |p 17A1268076  |r 2026-02-21 21:56:48  |t č. 6730-6751  |w 2026-02-21  |y PREZ 
952 |0 0  |1 0  |4 0  |7 0  |8 0  |a SNK  |b SNK  |d 2018-03-23  |f 1  |i snk2018/7028  |l 0  |o snkČSA 1176/28/2017/11  |p 17A1268075  |r 2026-02-21 21:56:48  |t č. 6752-6771  |w 2026-02-21  |y PREZ 
952 |0 0  |1 0  |4 0  |7 0  |8 0  |a SNK  |b SNK  |d 2018-03-23  |f 1  |i snk2018/7029  |l 0  |o snkČSA 1176/28/2017/12  |p 17A1268074  |r 2026-02-21 21:56:48  |t č. 6772-6786  |w 2026-02-21  |y PREZ 
952 |0 0  |1 0  |4 0  |7 0  |8 0  |a SNK  |b SNK  |d 2018-03-23  |f 1  |i snk2018/7049  |l 0  |o snkČSA 1176/29/2018/1  |p 17A1268073  |r 2026-02-21 21:56:48  |t č. 6787-6804  |w 2026-02-21  |y PREZ 
952 |0 0  |1 0  |4 0  |7 0  |8 0  |a SNK  |b SNK  |d 2018-03-23  |f 1  |i snk2018/7053  |l 0  |o snkČSA 1176/29/2018/2  |p 17A1268072  |r 2026-02-21 21:56:48  |t č. 6805-6824  |w 2026-02-21  |y PREZ 
952 |0 0  |1 0  |4 0  |7 0  |8 0  |a SNK  |b SNK  |d 2018-03-22  |f 1  |i snk2018/6980  |l 0  |o snkČSA 1176/28/2017/6  |p 17A1268080  |r 2026-02-21 21:57:04  |t č. 6647-6668  |w 2026-02-21  |y PREZ 
952 |0 0  |1 0  |4 0  |7 0  |8 0  |a SNK  |b SNK  |d 2018-03-22  |f 1  |i snk2018/6984  |l 0  |o snkČSA 1176/28/2017/7  |p 17A1268079  |r 2026-02-21 21:57:04  |t č. 6669-6688  |w 2026-02-21  |y PREZ 
952 |0 0  |1 0  |4 0  |7 0  |8 0  |a SNK  |b SNK  |d 2018-03-22  |f 1  |i snk2018/6985  |l 0  |o snkČSA 1176/28/2017/8  |p 17A1268078  |r 2026-02-21 21:57:04  |t č. 6689-6710  |w 2026-02-21  |y PREZ 
952 |0 0  |1 0  |4 0  |7 0  |8 0  |a SNK  |b SNK  |d 2020-05-26  |f 1  |i snk2020/8371  |l 0  |o snkČSA 1176/30/2019/5  |p 17A1387968  |r 2026-02-21 22:00:44  |t č. 7109-7129  |w 2026-02-21  |y PREZ 
952 |0 0  |1 0  |4 0  |7 0  |8 0  |a SNK  |b SNK  |d 2020-05-26  |f 1  |i snk2020/8372  |l 0  |o snkČSA 1176/30/2019/6  |p 17A1387967  |r 2026-02-21 22:00:44  |t č. 7130-7149  |w 2026-02-21  |y PREZ 
952 |0 0  |1 0  |4 0  |7 0  |8 0  |a SNK  |b SNK  |d 2020-05-26  |f 1  |i snk2020/8375  |l 0  |o snkČSA 1176/30/2019/7  |p 17A1387966  |r 2026-02-21 22:00:44  |t č. 7150-7171  |w 2026-02-21  |y PREZ 
952 |0 0  |1 0  |4 0  |7 0  |8 0  |a SNK  |b SNK  |d 2020-05-26  |f 1  |i snk2020/8377  |l 0  |o snkČSA 1176/30/2019/8  |p 17A1387965  |r 2026-02-21 22:00:44  |t č. 7172-7192  |w 2026-02-21  |y PREZ 
952 |0 0  |1 0  |4 0  |7 0  |8 0  |a SNK  |b SNK  |d 2020-05-26  |f 1  |i snk2020/8378  |l 0  |o snkČSA 1176/30/2019/9  |p 17A1387964  |r 2026-02-21 22:00:44  |t č. 7193-7213  |w 2026-02-21  |y PREZ 
952 |0 0  |1 0  |4 0  |7 0  |8 0  |a SNK  |b SNK  |d 2020-05-26  |f 1  |i snk2020/8379  |l 0  |o snkČSA 1176/30/2019/10  |p 17A1387963  |r 2026-02-21 22:00:44  |t č. 7214-7236  |w 2026-02-21  |y PREZ 
952 |0 0  |1 0  |4 0  |7 0  |8 0  |a SNK  |b SNK  |d 2020-05-26  |f 1  |i snk2020/8380  |l 0  |o snkČSA 1176/30/2019/11  |p 17A1387962  |r 2026-02-21 22:00:44  |t č. 7237-7256  |w 2026-02-21  |y PREZ 
952 |0 0  |1 0  |4 0  |7 0  |8 0  |a SNK  |b SNK  |d 2020-05-26  |f 1  |i snk2020/8381  |l 0  |o snkČSA 1176/30/2019/12  |p 17A1387961  |r 2026-02-21 22:00:44  |t č. 7257-7271  |w 2026-02-21  |y PREZ 
952 |0 0  |1 0  |4 0  |7 0  |8 0  |a SNK  |b SNK  |d 2020-05-26  |f 1  |i snk2020/8383  |l 0  |o snkČSA 1176/31/2020/1  |p 17A1387960  |r 2026-02-21 22:00:44  |t č. 7272-7289  |w 2026-02-21  |y PREZ 
952 |0 0  |1 0  |4 0  |7 0  |a SNK  |b SNK  |d 2016-02-18  |i snkČSP 2734/91  |l 0  |o snkČSA 1176/1/1990/3  |p 17A1149937  |r 2026-02-21 22:02:23  |t č. 149-206, úplný  |w 2026-02-21  |y PREZ  |z č. 149-206, úplný 
952 |0 0  |1 0  |4 0  |7 0  |8 0  |a SNK  |b SNK  |d 2019-06-04  |f 1  |i snk2019/15266  |l 0  |o snkČSA 1176/29/2018/3  |p 17A1367834  |r 2026-02-21 22:14:28  |t č. 6825-6845  |w 2026-02-21  |y PREZ 
952 |0 0  |1 0  |4 0  |7 0  |8 0  |a SNK  |b SNK  |d 2019-06-04  |f 1  |i snk2019/15271  |l 0  |o snkČSA 1176/29/2018/4  |p 17A1367835  |r 2026-02-21 22:14:28  |t č. 6846-6865  |w 2026-02-21  |y PREZ 
952 |0 0  |1 0  |4 0  |7 0  |8 0  |a SNK  |b SNK  |d 2019-06-04  |f 1  |i snk2019/15274  |l 0  |o snkČSA 1176/29/2018/5  |p 17A1367836  |r 2026-02-21 22:14:28  |t č. 6866-6886  |w 2026-02-21  |y PREZ 
952 |0 0  |1 0  |4 0  |7 0  |8 0  |a SNK  |b SNK  |d 2019-06-04  |f 1  |i snk2019/15278  |l 0  |o snkČSA 1176/29/2018/6  |p 17A1367837  |r 2026-02-21 22:14:28  |t č. 6887-6907  |w 2026-02-21  |y PREZ 
952 |0 0  |1 0  |4 0  |7 0  |8 0  |a SNK  |b SNK  |d 2019-06-04  |f 1  |i snk2019/15283  |l 0  |o snkČSA 1176/29/2018/7  |p 17A1367838  |r 2026-02-21 22:14:28  |t č. 6908-6928  |w 2026-02-21  |y PREZ 
952 |0 0  |1 0  |4 0  |7 0  |8 0  |a SNK  |b SNK  |d 2019-06-04  |f 1  |i snk2019/15286  |l 0  |o snkČSA 1176/29/2018/8  |p 17A1367839  |r 2026-02-21 22:14:28  |t č. 6929-6950  |w 2026-02-21  |y PREZ 
952 |0 0  |1 0  |4 0  |7 0  |8 0  |a SNK  |b SNK  |d 2019-06-04  |f 1  |i snk2019/15292  |l 0  |o snkČSA 1176/29/2018/9  |p 17A1367840  |r 2026-02-21 22:14:28  |t č. 6951-6970  |w 2026-02-21  |y PREZ 
952 |0 0  |1 0  |4 0  |7 0  |8 0  |a SNK  |b SNK  |d 2019-06-04  |f 1  |i snk2019/15296  |l 0  |o snkČSA 1176/29/2018/10  |p 17A1367841  |r 2026-02-21 22:14:28  |t č. 6971-6992  |w 2026-02-21  |y PREZ 
952 |0 0  |1 0  |4 0  |7 0  |8 0  |a SNK  |b SNK  |d 2019-06-04  |f 1  |i snk2019/15298  |l 0  |o snkČSA 1176/29/2018/11  |p 17A1367842  |r 2026-02-21 22:14:28  |t č. 6993-7013  |w 2026-02-21  |y PREZ 
952 |0 0  |1 0  |4 0  |7 0  |8 0  |a SNK  |b SNK  |d 2019-06-04  |f 1  |i snk2019/15303  |l 0  |o snkČSA 1176/29/2018/12  |p 17A1367843  |r 2026-02-21 22:14:28  |t č. 7014-7028  |w 2026-02-21  |y PREZ 
952 |0 0  |1 0  |4 0  |7 0  |8 0  |a SNK  |b SNK  |d 2019-06-04  |f 1  |i snk2019/15320  |l 0  |o snkČSA 1176/29[30]/2019/1  |p 17A1367844  |r 2026-02-21 22:14:28  |t č. 7029-7047  |w 2026-02-21  |y PREZ  |z V č. 7029 uvedený roč. 29 
952 |0 0  |1 0  |4 0  |7 0  |8 0  |a SNK  |b SNK  |d 2019-06-04  |f 1  |i snk2019/15322  |l 0  |o snkČSA 1176/30/2019/2  |p 17A1367845  |r 2026-02-21 22:14:28  |t č. 7048-7067  |w 2026-02-21  |y PREZ 
952 |0 0  |1 0  |4 0  |7 0  |8 0  |a SNK  |b SNK  |d 2019-06-04  |f 1  |i snk2019/15324  |l 0  |o snkČSA 1176/30/2019/3  |p 17A1367846  |r 2026-02-21 22:14:28  |t č. 7068-7088  |w 2026-02-21  |y PREZ 
952 |0 0  |1 0  |4 0  |7 0  |8 0  |a SNK  |b SNK  |d 2019-06-04  |f 1  |i snk2019/15325  |l 0  |o snkČSA 1176/30/2019/4  |p 17A1367847  |r 2026-02-21 22:14:28  |t č. 7089-7108  |w 2026-02-21  |y PREZ 
952 |0 0  |1 0  |4 0  |7 0  |a SNK  |b SNK  |d 2019-07-03  |i snkČSP 914/97  |l 0  |o snkČSA 1176/7/1996/4 D1  |p 17A1191074  |r 2026-02-21 22:21:12  |t č. 190-248  |w 2026-02-21  |y PREZ  |z č. 190-248, 4. časť 
952 |0 0  |1 0  |4 0  |7 0  |8 0  |a SNK  |b SNK  |d 2017-07-10  |f 1  |i snk2017/15924  |l 0  |o snkČSA 1176/26/2015/1  |p 17A1263220  |r 2026-02-21 22:25:21  |t č. 6064-6081  |w 2026-02-21  |y PREZ 
952 |0 0  |1 0  |4 0  |7 0  |8 0  |a SNK  |b SNK  |d 2017-07-10  |f 1  |i snk2017/15926  |l 0  |o snkČSA 1176/26/2015/2  |p 17A1263219  |r 2026-02-21 22:25:21  |t č. 6082-6101  |w 2026-02-21  |y PREZ 
952 |0 0  |1 0  |4 0  |7 0  |8 0  |a SNK  |b SNK  |d 2017-07-10  |f 1  |i snk2017/15940  |l 0  |o snkČSA 1176/26/2015/3  |p 17A1263218  |r 2026-02-21 22:25:21  |t č. 6102-6123 + príl.  |w 2026-02-21  |y PREZ  |z Príl.: č. 6109 - Divadelné noviny, roč. XIII., č. 5 
952 |0 0  |1 0  |4 0  |7 0  |8 0  |a SNK  |b SNK  |d 2017-07-10  |f 1  |i snk2017/15941  |l 0  |o snkČSA 1176/26/2015/4  |p 17A1263217  |r 2026-02-21 22:25:21  |t č. 6124-6143 + príl.  |w 2026-02-21  |y PREZ  |z Príl.: č. 6137 - Divadelné noviny, roč. XIII., č. 6 
952 |0 0  |1 0  |4 0  |7 0  |8 0  |a SNK  |b SNK  |d 2017-07-10  |f 1  |i snk2017/15942  |l 0  |o snkČSA 1176/26/2015/5  |p 17A1263216  |r 2026-02-21 22:25:21  |t č. 6144-6162 + príl.  |w 2026-02-21  |y PREZ  |z Príl.: č. 6155 - Divadelná príloha, roč. XIII, č. 7 
952 |0 0  |1 0  |4 0  |7 0  |8 0  |a SNK  |b SNK  |d 2017-07-10  |f 1  |i snk2017/15944  |l 0  |o snkČSA 1176/26/2015/6  |p 17A1263215  |r 2026-02-21 22:25:21  |t č. 6163-6184 + príl.  |w 2026-02-21  |y PREZ  |z Príl.: č. 6170 - Divadelné noviny, roč. XIII., č. 8 
952 |0 0  |1 0  |4 0  |7 0  |8 0  |a SNK  |b SNK  |d 2017-07-10  |f 1  |i snk2017/15947  |l 0  |o snkČSA 1176/26/2015/7  |p 17A1263214  |r 2026-02-21 22:25:21  |t č. 6185-6207  |w 2026-02-21  |y PREZ 
952 |0 0  |1 0  |4 0  |7 0  |8 0  |a SNK  |b SNK  |d 2017-07-11  |f 1  |i snk2017/16071  |l 0  |o snkČSA 1176/27/2016/2  |p 17A1263207  |r 2026-02-21 22:25:23  |t č. 6322-6342 + príl.  |w 2026-02-21  |y PREZ  |z Príl.: č. 6339 - Divadelné noviny, roč. XIV, č. 5 
952 |0 0  |1 0  |4 0  |7 0  |8 0  |a SNK  |b SNK  |d 2017-07-11  |f 1  |i snk2017/16072  |l 0  |o snkČSA 1176/27/2016/3  |p 17A1263206  |r 2026-02-21 22:25:23  |t č. 6343-6363  |w 2026-02-21  |y PREZ 
952 |0 0  |1 0  |4 0  |7 0  |8 0  |a SNK  |b SNK  |d 2017-07-11  |f 1  |i snk2017/16073  |l 0  |o snkČSA 1176/27/2016/4  |p 17A1263205  |r 2026-02-21 22:25:23  |t č. 6364-6384  |w 2026-02-21  |y PREZ 
952 |0 0  |1 0  |4 0  |7 0  |8 0  |a SNK  |b SNK  |d 2017-07-11  |f 1  |i snk2017/16076  |l 0  |o snkČSA 1176/27/2016/5  |p 17A1263204  |r 2026-02-21 22:25:23  |t č. 6385-6406 + príl.  |w 2026-02-21  |y PREZ  |z Príl.: č. 6402 - Divadelné noviny, roč. XIV, č. 6 
952 |0 0  |1 0  |4 0  |7 0  |8 0  |a SNK  |b SNK  |d 2017-07-10  |f 1  |i snk2017/15950  |l 0  |o snkČSA 1176/26/2015/8  |p 17A1263213  |r 2026-02-21 22:25:24  |t č. 6208-6228  |w 2026-02-21  |y PREZ 
952 |0 0  |1 0  |4 0  |7 0  |8 0  |a SNK  |b SNK  |d 2017-07-10  |f 1  |i snk2017/15975  |l 0  |o snkČSA 1176/26/2015/9  |p 17A1263212  |r 2026-02-21 22:25:24  |t č. 6229-6248 + príl.  |w 2026-02-21  |y PREZ  |z Príl.: č. 6229 - Divadelné noviny, roč. XIV, č. 1 ; č. 6248 - Divadelné noviny, roč. XIV, č. 2 
952 |0 0  |1 0  |4 0  |7 0  |8 0  |a SNK  |b SNK  |d 2017-07-10  |f 1  |i snk2017/15981  |l 0  |o snkČSA 1176/26/2015/10  |p 17A1263211  |r 2026-02-21 22:25:25  |t č. 6249-6270 + príl.  |w 2026-02-21  |y PREZ  |z Príl.: č. 6268 - Divadelné noviny, roč. XIV, č. 3 
952 |0 0  |1 0  |4 0  |7 0  |8 0  |a SNK  |b SNK  |d 2017-07-11  |f 1  |i snk2017/16079  |l 0  |o snkČSA 1176/27/2016/6  |p 17A1263203  |r 2026-02-21 22:25:25  |t č. 6407-6428  |w 2026-02-21  |y PREZ 
952 |0 0  |1 0  |4 0  |7 0  |8 0  |a SNK  |b SNK  |d 2017-07-11  |f 1  |i snk2017/16080  |l 0  |o snkČSA 1176/27/2016/7  |p 17A1263202  |r 2026-02-21 22:25:25  |t č. 6429-6448  |w 2026-02-21  |y PREZ 
952 |0 0  |1 0  |4 0  |7 0  |8 0  |a SNK  |b SNK  |d 2017-07-11  |f 1  |i snk2017/16081  |l 0  |o snkČSA 1176/27/2016/8  |p 17A1263201  |r 2026-02-21 22:25:25  |t č. 6449-6470  |w 2026-02-21  |y PREZ 
952 |0 0  |1 0  |4 0  |7 0  |8 0  |a SNK  |b SNK  |d 2017-07-11  |f 1  |i snk2017/16082  |l 0  |o snkČSA 1176/27/2016/9  |p 17A1263200  |r 2026-02-21 22:25:25  |t č. 6471-6490 + príl.  |w 2026-02-21  |y PREZ  |z Príl.: č. 6479 - Divadelné noviny, roč. XV., č. 1 
952 |0 0  |1 0  |4 0  |7 0  |8 0  |a SNK  |b SNK  |d 2017-07-11  |f 1  |i snk2017/16085  |l 0  |o snkČSA 1176/27/2016/10  |p 17A1263199  |r 2026-02-21 22:25:25  |t č. 6491-6511  |w 2026-02-21  |y PREZ 
952 |0 0  |1 0  |4 0  |7 0  |8 0  |a SNK  |b SNK  |d 2017-07-11  |f 1  |i snk2017/16087  |l 0  |o snkČSA 1176/27/2016/11  |p 17A1263198  |r 2026-02-21 22:25:25  |t č. 6512-6531  |w 2026-02-21  |y PREZ 
952 |0 0  |1 0  |4 0  |7 0  |8 0  |a SNK  |b SNK  |d 2017-07-11  |f 1  |i snk2017/16089  |l 0  |o snkČSA 1176/27/2016/12  |p 17A1263197  |r 2026-02-21 22:25:25  |t č. 6532-6547  |w 2026-02-21  |y PREZ 
952 |0 0  |1 0  |4 0  |7 0  |8 0  |a SNK  |b SNK  |d 2017-07-11  |f 1  |i snk2017/16092  |l 0  |o snkČSA 1176/28/2017/1  |p 17A1263196  |r 2026-02-21 22:25:25  |t č. 6548-6564  |w 2026-02-21  |y PREZ 
952 |0 0  |1 0  |4 0  |7 0  |8 0  |a SNK  |b SNK  |d 2017-07-11  |f 1  |i snk2017/16093  |l 0  |o snkČSA 1176/28/2017/2  |p 17A1263195  |r 2026-02-21 22:25:28  |t č. 6565-6584 + príl.  |w 2026-02-21  |y PREZ  |z Príl.: č. 6580 - Divadlené noviny, roč. XV., č. 2 
952 |0 0  |1 0  |4 0  |7 0  |8 0  |a SNK  |b SNK  |d 2017-07-11  |f 1  |i snk2017/16094  |l 0  |o snkČSA 1176/28/2017/3  |p 17A1263194  |r 2026-02-21 22:25:28  |t č. 6585-6607  |w 2026-02-21  |y PREZ 
952 |0 0  |1 0  |4 0  |7 0  |8 0  |a SNK  |b SNK  |d 2017-07-11  |f 1  |i snk2017/16095  |l 0  |o snkČSA 1176/28/2017/4  |p 17A1263193  |r 2026-02-21 22:25:28  |t č. 6608-6625  |w 2026-02-21  |y PREZ 
952 |0 0  |1 0  |4 0  |7 0  |8 0  |a SNK  |b SNK  |d 2017-07-11  |f 1  |i snk2017/16096  |l 0  |o snkČSA 1176/28/2017/5  |p 17A1263192  |r 2026-02-21 22:25:28  |t č. 6626-6646 + príl.  |w 2026-02-21  |y PREZ  |z Príl.: č. 6646 - Divadelné noviny, roč. XV., č. 3